000 00798nam a2200253Ia 4500
003 OSt
005 20220923211108.0
006 a|||||r|||| 00| 0
007 ta
008 Pun
020 _a8181380231 (hbk)
_c140
024 _a274,213
037 _b673, 04/06/2013, H.K. Prakashan
_cTextual
040 _aARTS
_cARTS
_bPun
041 _2Pun
_aPun
082 _aP153, 153P6
100 _aਊFਮਾ, ਥਦ.
_9158190
245 0 _aਗੁਲਵੰਤ ਖ਼ਾਰਿਫ਼ ਦਾ ਭਾFਾ ਚਿੰਤਨ
260 _aਦਿੱਲੀ
_b ਐਮ ਪੀ ਪ੍ਰਕਾFਨ
_c2006
300 _a110ਪੰ
_ccm.
650 _aਪੰਜਾਬੀ ਸਾਹਿਤ
942 _hP153, 153P6
_cTEXL
_2CC
999 _c295182
_d295182